000
00324nmm a2200145 a 4500
003
AR-X00000XY
005
20251128212011.0
008
107020n ||||||||||||||000 | spa||
040
_c
AR-X00000XY
245
1
0
_a
Schatzkammer Deutschland
260
_a
München
300
0
_a
48 p.
_b
il.
942
_c
BK
998
_c
martin
999
_c
22005
_d
22005